Animaux de A à Z - Statistiques

Statistiques générales
  • Ce quiz a été pris 1 658 fois
  • Le résultat moyen est 16 sur 26
Statistiques - réponses
Lettre Indice Réponse % Correct
E Casse noisettes Ecureuil
92%
J Grand félin américain Jaguar
90%
D Réputée pas maligne, qu'elle soit grande, grosse ou farcie Dinde
89%
P Se tape les bambous Panda
86%
B Copine avec le loup et le renard, surtout en Bretagne Belette
85%
A Electrique en Guyane, en rut aux Sargasses et tranquillement sous roche en Europe Anguille
82%
C Futur prince charmant ? Crapaud
82%
L Reptile des façades ensoleillées Lézard
82%
T Aquatique ou terrestre, marche lentement Tortue
78%
K Australien qui n'a probablement jamais de bronchite Koala
77%
V Charognard sans foi ni loi Vautour
73%
F Amateur de Camargue parfois unijambiste Flamant rose
70%
Y Bovidé probablement domestiqué par le Yéti Yack
68%
H Détenteur d'un "long bec emmanché d'un long cou" Héron
62%
N D'Artagnan de la mer Narval
58%
Z Bovidé domestiqué par les Indiens Zébu
56%
W Grand cervidé nord-américain Wapiti
55%
R Il tire son nom d'un personnage de roman dont il est le héros Renard
53%
S Signe son forfait à l'encre Seiche
44%
O Pas bien maligne quand elle est blanche Oie
39%
I Sacré en Egypte et rouge vif en Guyane Ibis
36%
M Toléré en boîte mais pas sur le trottoir Maquereau
34%
G Saharienne à la cuisse légère Gazelle
29%
Q Peut prendre de la valeur en Amérique centrale Quetzal
29%
X Petit rongeur adepte des déserts africains Xérus
13%
U Pas rapide non plus, mais dans les arbres Unau
11%
Aucun quiz correspondant
Distribution des résultats
% des personnes avec chaque résultat
Percentile par nombre de réponses
Votre historique - résultats
Vous n’avez pas pris ce quiz